Batlle : héroe civil /
El estudio está dedicado a José Batlle y Ordóñez, presidente de Uruguay de 1903-1907 y de 1911-1915.
Guardat en:
| Autor principal: | |
|---|---|
| Format: | Llibre |
| Idioma: | espanyol |
| Col·lecció: | (Tierra Firme ;
16) |
| Matèries: | |
| Etiquetes: |
Sense etiquetes, Sigues el primer a etiquetar aquest registre!
|
MARC
| LEADER | 00000nam^a2200000^a^4500 | ||
|---|---|---|---|
| 001 | 000126645 | ||
| 005 | 20250521000000.0 | ||
| 009 | 20260310094733.509 | ||
| 037 | |a Acervo ITESO - Biblioteca | ||
| 041 | |a ESP | ||
| 082 | |a 320. 092 |b ZAV | ||
| 100 | |a Zavala Muñiz, Justino |e (autor) | ||
| 245 | 1 | 0 | |a Batlle : |b héroe civil / |c J. Zavala Muñiz. |
| 264 | |a México : |b Fondo de Cultura Económica, |c 1945 | ||
| 300 | |a 256 p. | ||
| 336 | |a texto |b txt |2 rdacontenido | ||
| 337 | |a sin mediación |b n |2 rdamedio | ||
| 338 | |a volumen |b nc |2 rdasoporte | ||
| 440 | 1 | |a (Tierra Firme ; |v 16) | |
| 520 | |a El estudio está dedicado a José Batlle y Ordóñez, presidente de Uruguay de 1903-1907 y de 1911-1915. | ||
| 649 | |a XX | ||
| 650 | |a Jefes de Estado Uruguayos - |x Biografías | ||
| 650 | |a Políticos Uruguayos - |x Biografías | ||
| 650 | |a Política - |z Uruguay - |x Historia - |y 1886-1917 | ||
| 650 | |a Política - |z Uruguay - |x Historia - |y Siglo XIX | ||
| 650 | |a Uruguay - |x Historia - |y 1886-1917 | ||
| 650 | |a Batlle y Ordóñez, José | ||
| 910 | |a Fondo Salvador Reynoso Reynoso | ||
| 920 | |a Impresos - Libros | ||
| 930 | |a Fondos Especiales | ||
| 905 | |a 112 | ||
| 901 | |a 0800009228 |b IT2 |c ESP |u 20250521 | ||
| 902 | |a https://opac.biblio.iteso.mx/vufind/Record/000126645 | ||